<?xml version="1.0" encoding="UTF-8"?>
<record
    xmlns:xsi="http://www.w3.org/2001/XMLSchema-instance"
    xsi:schemaLocation="http://www.loc.gov/MARC21/slim http://www.loc.gov/standards/marcxml/schema/MARC21slim.xsd"
    xmlns="http://www.loc.gov/MARC21/slim">

  <leader>03126nam a2200325 a 4500</leader>
  <controlfield tag="003">OSt</controlfield>
  <controlfield tag="005">20250805102704.0</controlfield>
  <controlfield tag="007">cr ||||||a|a|a</controlfield>
  <controlfield tag="008">250626s2025    mx a|||fom||| 001 0 spa d</controlfield>
  <datafield tag="040" ind1=" " ind2=" ">
    <subfield code="e">rda</subfield>
  </datafield>
  <datafield tag="100" ind1="1" ind2=" ">
    <subfield code="a">Balbuena Carrasco, Soledad</subfield>
    <subfield code="9">190522</subfield>
  </datafield>
  <datafield tag="245" ind1="1" ind2="0">
    <subfield code="a">Diversidad de hongos comestibles silvestres de importancia biocultural y uso potencial en Piedra Canteada, Tlaxcala/</subfield>
    <subfield code="c">por Soledad Balbuena Carrasco; director de tesis Olivia Ayala V&#xE1;squez; secretario Jes&#xFA;s P&#xE9;rez Moreno; vocal Ameyali Hern&#xE1;ndez Hern&#xE1;ndez; suplente Laura G&#xF3;mez Tovar; suplente Langen Corlay Chee.</subfield>
  </datafield>
  <datafield tag="264" ind1=" " ind2="1">
    <subfield code="a">Chapingo, M&#xE9;xico :</subfield>
    <subfield code="b">El autor,</subfield>
    <subfield code="c">2024.</subfield>
  </datafield>
  <datafield tag="300" ind1=" " ind2=" ">
    <subfield code="a">1 recurso en l&#xED;nea (78 p&#xE1;ginas):</subfield>
    <subfield code="b">cuadros, figuras.</subfield>
  </datafield>
  <datafield tag="336" ind1=" " ind2=" ">
    <subfield code="2">rdacontent</subfield>
    <subfield code="a">texto</subfield>
    <subfield code="b">txt</subfield>
  </datafield>
  <datafield tag="337" ind1=" " ind2=" ">
    <subfield code="2">rdamedia</subfield>
    <subfield code="a">computadora</subfield>
    <subfield code="b">c</subfield>
  </datafield>
  <datafield tag="338" ind1=" " ind2=" ">
    <subfield code="2">rdacarrier</subfield>
    <subfield code="a">recurso en l&#xED;nea</subfield>
    <subfield code="b">cr</subfield>
  </datafield>
  <datafield tag="502" ind1=" " ind2=" ">
    <subfield code="d">2024.</subfield>
    <subfield code="b">IAg</subfield>
    <subfield code="c">Agroecolog&#xED;a</subfield>
    <subfield code="g">LIC</subfield>
  </datafield>
  <datafield tag="504" ind1=" " ind2=" ">
    <subfield code="a">Incluye referencias bibliogr&#xE1;ficas: p&#xE1;ginas 65-75.</subfield>
  </datafield>
  <datafield tag="520" ind1=" " ind2=" ">
    <subfield code="a">En M&#xE9;xico se han descrito alrededor de 450 especies de hongos comestibles silvestres (HCS) y 350 especies de hongos medicinales convirti&#xE9;ndolo en el segundo reservorio a nivel mundial, despu&#xE9;s de China. El objetivo del trabajo fue documentar las especies de hongos comestibles silvestres de importancia biocultural y potencial, comparar la diversidad alfa y beta en seis tipos de vegetaci&#xF3;n del Predio Forestal Piedra Canteada, as&#xED; como describir especies probablemente nuevas para la ciencia. Las recolecciones se realizaron durante los meses de julio a septiembre de 2021 al 2023. Cada ejemplar se caracteriz&#xF3; macro y micro morfol&#xF3;gicamente y se utilizaron claves especializadas para su identificaci&#xF3;n. La diversidad Alfa se estim&#xF3; con los &#xED;ndices de Shannon Wiener, Simpson y Fisher Alfa mientras que la diversidad Beta se determin&#xF3; usando el estimador de Chao-Jaccard, los datos fueron analizados con el programa PAST versi&#xF3;n 4.02. Como resultado se recolectaron 788 ejemplares pertenecientes a 113 especies de HCS, 62 de ellas de importancia biocultural y 51 especies de uso potencial. La vegetaci&#xF3;n de Quercus-Pinus present&#xF3; mayor diversidad Alfa y para la diversidad beta la mayor similitud se encontr&#xF3; en las vegetaciones de Quercus-Pinus y Pinus-Quercus. Este trabajo reporta 64 especies son nuevos registros para Tlaxcala. Nueve probables especies nuevas para la ciencia: Amanita sp1, Amanita sp2, Floccularia sp1, Strobilomyces sp1, Strobilomyces sp2, Strobilomyces sp3, Strobilomyces sp4, Strobilomyces sp5 y Strobilomyces sp6.</subfield>
  </datafield>
  <datafield tag="650" ind1=" " ind2="4">
    <subfield code="9">190853</subfield>
    <subfield code="a">Hongos comestibles</subfield>
    <subfield code="x">Identificaci&#xF3;n</subfield>
    <subfield code="z">Tlaxcala</subfield>
  </datafield>
  <datafield tag="650" ind1=" " ind2="4">
    <subfield code="a">Hongos comestibles</subfield>
    <subfield code="x">Aspectos socioecon&#xF3;micos</subfield>
    <subfield code="9">190854</subfield>
  </datafield>
  <datafield tag="700" ind1="1" ind2=" ">
    <subfield code="a">Ayala V&#xE1;squez, Olivia</subfield>
    <subfield code="e">director de tesis.</subfield>
    <subfield code="9">190721</subfield>
  </datafield>
  <datafield tag="700" ind1="1" ind2=" ">
    <subfield code="a">P&#xE9;rez Moreno, Jes&#xFA;s</subfield>
    <subfield code="9">89869</subfield>
    <subfield code="e">secretario.</subfield>
  </datafield>
  <datafield tag="700" ind1="1" ind2=" ">
    <subfield code="a">Hern&#xE1;ndez Hern&#xE1;ndez, Ameyali</subfield>
    <subfield code="9">54114</subfield>
    <subfield code="e">vocal.</subfield>
  </datafield>
  <datafield tag="700" ind1="1" ind2=" ">
    <subfield code="a">G&#xF3;mez Tovar, Laura</subfield>
    <subfield code="9">49914</subfield>
    <subfield code="e">suplente.</subfield>
  </datafield>
  <datafield tag="700" ind1="1" ind2=" ">
    <subfield code="a">Corlay Chee, Langen</subfield>
    <subfield code="e">suplente.</subfield>
    <subfield code="9">28007</subfield>
  </datafield>
  <datafield tag="856" ind1=" " ind2=" ">
    <subfield code="u">http://10.13.5.2/tesis/tl/1810189-1_BALBUENA_CARRASCO_SOLEDAD.pdf</subfield>
    <subfield code="z">DESCARGAR PDF</subfield>
  </datafield>
  <datafield tag="942" ind1=" " ind2=" ">
    <subfield code="2">Clasificaci&#xF3;n Universidad Aut&#xF3;noma Chapingo</subfield>
    <subfield code="c">TD</subfield>
  </datafield>
  <datafield tag="999" ind1=" " ind2=" ">
    <subfield code="c">220698</subfield>
    <subfield code="d">220698</subfield>
  </datafield>
  <datafield tag="952" ind1=" " ind2=" ">
    <subfield code="0">0</subfield>
    <subfield code="1">0</subfield>
    <subfield code="2">local</subfield>
    <subfield code="4">0</subfield>
    <subfield code="5">1</subfield>
    <subfield code="7">0</subfield>
    <subfield code="8">TesDigL</subfield>
    <subfield code="a">BD</subfield>
    <subfield code="b">BD</subfield>
    <subfield code="c">E_L</subfield>
    <subfield code="d">2025-06-26</subfield>
    <subfield code="l">0</subfield>
    <subfield code="o">Tesis digital</subfield>
    <subfield code="r">2025-06-26 14:10:01</subfield>
    <subfield code="w">2025-06-26</subfield>
    <subfield code="y">TD</subfield>
  </datafield>
</record>
